000 00579nam a2200193Ia 4500
008 151121s9999||||xx |||||||||||||| ||und||
082 _a811/कुसुमा
082 _bHNW-57382
100 _aकुसुमाग्रज
245 _aश्रावण
260 _b"परचुरे प्रकाशन गिरगाव, मुंबई।"
260 _c--
300 _a0
600 _aकुसुमाग्रज
630 _aश्रावण
700 _aकुसुमाग्रज
730 _aश्रावण
942 _cBOOK
999 _c1239618
_d1239615